=LDR 00000nam 2200000 4500 =001 INLIS000000000007411 =005 20200714083715 =035 ##$$a 0010-061300000007411 =008 200714################g##########0#ind## =041 ##$$a Ind =082 ##$$a 2x3.1 =090 ##$$a 2x3.1, Qas t =100 1#$$a Qasim, Tanwana Abdul =245 1#$$a Tujuh puluh sembilan kriteria keimanan, /$c Abdul Tarwana Qasim =260 ##$$a Bandung :$b Trigenda Karya,$c 1993 =300 ##$$a 361 hlm, 21 cm ; $c 14x20 cm =650 #4$$a Iman kepada Allah =020 ##$$a 979-8422-26-0 =084 ##$$a 2x3.1 QAS t =250 ##$$a cet.1 =990 ##$$a DW00026315